000 00305nam a22001337a 4500
008 171018b xxu||||| |||| 00| 0 eng d
020 _a9780538435901
041 _aeng
080 _a338
100 _a53
101 _aMEN
245 _aBUSINESS PRINCIPLES AND MANAGEMENT
_cEVERARD,K.E
942 _2udc
_cBK
999 _c34743
_d34743